Statistics for States and Provinces that touch the Rocky Mountains

Click here to take the quiz!

General Stats

  • This quiz has been taken 29,803 times
  • The average score is 7 of 8

Answer Stats

Province or State% Correct
Colorado
94%
Montana
93%
Idaho
89%
Utah
88%
Wyoming
88%
Alberta
78%
British Columbia
75%
New Mexico
71%

Score Distribution

Percentile by Number Answered

Percent of People with Each Score

Your Score History

You have not taken this quiz